000 00438nam a2200181Ia 4500
005 20250603144639.0
008 250603s9999 xx 000 0 und d
020 _a81-219-0261-4
050 _aQL 955 .V47/
100 _aVerma, P. S.
245 0 _aChordate embryology : development biology
260 _aNew Delhi
260 _bS. Chand and Company Ltd
260 _c2007
300 _a667 p
650 _aNew Delhi
942 _cBK
999 _c39535
_d39535